| 000 | 00614nam a2200241 4500 | ||
|---|---|---|---|
| 001 | 8668 | ||
| 003 | BD-RjUL | ||
| 005 | 20211208234629.0 | ||
| 008 | 140119s1952 enka b 00|10 eng d | ||
| 035 | _a(BD-RjUL)8713 | ||
| 040 |
_aDLC _cDLC _dBD-RjUL _beng |
||
| 041 | _aeng | ||
| 082 |
_a 526.1 _bBOG 1952 |
||
| 090 |
_aQB281 _b.F71 |
||
| 100 | 1 |
_aBomford, G. _q(Guy), _d1899- _926991 |
|
| 245 | 0 | 0 |
_aGeodesy, _cby G. Bomford. |
| 260 |
_aOxford, _bClarendon Press, _c1952 |
||
| 300 |
_ax452 p. _billus. _c24 cm. |
||
| 504 | _aincludes index | ||
| 650 | 0 |
_aGeodesy. _926992 |
|
| 942 |
_2ddc _cBK |
||
| 999 |
_c8668 _d8668 |
||